000 00966nam a22002417a 4500
005 20090616111748.0
008 090512t xxu||||| |||| 00| 0 eng d
010 _aENG-94033
020 _a9788123755489
_c70.00
035 _aEN-77566
037 _bDBAD / PUB
040 _adpl
_bEnglish
082 _a342.54
100 _aChaube, Shibani Kinkar
245 _aThe making and working of Indian constitution /
_cby Shibani Kinkar Chaube
_hEnglish
260 _aNew Delhi
_bNational Book Trust
_c2009
270 _aNehru Bhawan,5 Institutional Area,Phase-II, Vasant Kunj,
_bNew Delhi
_e110070
300 _aix, 285p.
_c22cm(pbk)
490 _aIndia-the land and the people
500 _aIncludes bibliographical references and index
942 _2ddc
_cEN
_mCHA
_h342.54
999 _c26258
_d26258